| 000 | 00477nam a2200193Ia 4500 | ||
|---|---|---|---|
| 005 | 20240823033727.0 | ||
| 008 | 240823s9999||||xx |||||||||||||| ||und|| | ||
| 020 | _a81-223-0830-9 | ||
| 041 | _aENGLISH | ||
| 082 | _A843.912 P6 | ||
| 100 | _aPrem P Bhalla | ||
| 245 | 4 | _aThe Portrait of A Complete Man A Guide to Male Personality | |
| 250 | _a1st | ||
| 260 |
_c2006 _bPustak Mahal |
||
| 500 | _aYES | ||
| 650 |
_aComplete Man _bGeneral |
||
| 942 | _cBK | ||
| 999 |
_c196508 _d196508 |
||